| 000 | 02011nam a2200421 a 4500 | ||
|---|---|---|---|
| 999 |
_c149225 _d149225 |
||
| 003 | BLK | ||
| 005 | 20241219112924.0 | ||
| 008 | 180410b bul|||||r ||||||| ||bul|| | ||
| 010 | _aKNG00155469000 | ||
| 020 | _a954-02-0019-9 | ||
| 040 | _aBLK | ||
| 041 |
_aBUL _cBUL |
||
| 080 |
_aОткривателски пътешествия. Експедиции _b910.4 _x(091) _z910.4(091) |
||
| 080 |
_aОткривателски пътешествия. Експедиции _b910.4 _x(45)(092) _z910.4(45)(092) |
||
| 080 |
_aГенуезки изследовател и търговец, прекосил Атлантическия океан и достигнал Америка _b929 Колумб, Христофор _z929 Колумб, Христофор |
||
| 100 | 1 |
_aПантев, Андрей Лазаров _9363433 |
|
| 139 |
_aПантев, Андрей Лазаров _bП 19 |
||
| 245 | 1 | 0 |
_aХристофор Колумб и новия свят _bНауч.-попул. кн. за деца _cАндрей Лазаров Пантев; худож. Виктор Вертер Паунов. |
| 257 | _aBGR | ||
| 260 |
_bНаука и изкуство _c1992 _fСофия : София принт _aСофия |
||
| 300 |
_a64 с. _bс цв. ил. _c29 см |
||
| 380 | _aDN | ||
| 500 | _a10 070 тир. | ||
| 600 | 1 | 4 |
_aКолумб, Христофор _981616 |
| 650 | 7 |
_aГеографски пътешествия и открития - история _2 _9151894 |
|
| 650 | 4 |
_aКолумб, Христофор _981616 |
|
| 653 | _aХристофор Колумб | ||
| 653 | _aоткрития | ||
| 653 | _aпътешествия | ||
| 700 | 1 |
_aПаунов, Виктор Вертер _eхудож. _9371567 |
|
| 852 | _aЦб ІІ 19748 | ||
| 856 | 4 | _qpdf | |
| 856 | 4 | _qpdf | |
| 942 |
_cKNG _n0 _s1 |
||
| 944 |
_aCR _c09.01.2014 _lГеновева Генчева _k30560 |
||
| 944 |
_aED _c09.01.2014 _l09.01.2014 - от С1,Р / 09.01.2014 |
||
| 999 | _d149225 | ||